| 000 | 00604nam a2200217Ia 4500 | ||
|---|---|---|---|
| 003 | OSt | ||
| 005 | 20230614145346.0 | ||
| 008 | 210423s2018 xx 000 0 und d | ||
| 040 | _cAL | ||
| 041 | _aeng | ||
| 082 |
_a543.07 _223 _bSHAI |
||
| 100 |
_aSHARMA (B K) _986932 |
||
| 245 | _aInstrumental methods of chemical analysis Ed 31 | ||
| 250 | _a31 | ||
| 260 |
_aMeerut _bKrishna Prakashan Media (P) Ltd _c2018 |
||
| 300 |
_axxiv,2018,i-xx _bPB |
||
| 365 |
_b1100 _cINR |
||
| 650 |
_aAnalytical Chemistry _986933 |
||
| 906 | _a31 ; analysis ; chemical ; Instrumental ; methods | ||
| 942 |
_2ddc _cBK |
||
| 999 |
_c169773 _d169773 |
||